Väzba a pracovnoprávne vzťahy
Výkon väzby ako jedna z možností neprítomnosti zamestnanca v práci. Právne názory na posúdenie situácie. Snaha a predstavenie možného prístupu pre zamestnávateľov v prípade, ak sa ich zamestnanec ocitne vo výkone väzby.
Salvato in:
| Autore principale: | |
|---|---|
| Altri autori: | |
| Natura: | Capitolo di libro |
| Lingua: | slovacco |
| Soggetti: | |
| Tags: |
Nessun Tag, puoi essere il primo ad aggiungerne!!
|
MARC
| LEADER | 00000naa a2200000 4500 | ||
|---|---|---|---|
| 001 | 0262651 | ||
| 005 | 20200226093840.6 | ||
| 041 | 0 | |a slo | |
| 044 | |a SK | ||
| 245 | 1 | 0 | |a Väzba a pracovnoprávne vzťahy |c Andrea Olšovská, Marek Švec |
| 520 | |a Výkon väzby ako jedna z možností neprítomnosti zamestnanca v práci. Právne názory na posúdenie situácie. Snaha a predstavenie možného prístupu pre zamestnávateľov v prípade, ak sa ich zamestnanec ocitne vo výkone väzby. | ||
| 610 | 2 | 0 | |a vzťahy pracovnoprávne |
| 610 | 2 | 0 | |a právo pracovné |
| 610 | 2 | 0 | |a zákonník práce |
| 610 | 2 | 0 | |a zamestnávatelia |
| 610 | 2 | 0 | |a zamestnanci |
| 610 | 2 | 0 | |a absencia |
| 610 | 2 | 0 | |a prekážky v práci |
| 100 | 1 | |a Olšovská, Andrea | |
| 700 | 1 | |a Švec, Marek | |